The baby eagle and the rat (KHMER) / (Record no. 48900)
| 000 -LEADER | |
|---|---|
| fixed length control field | 00294nam a2200109 4500 |
| 020 ## - INTERNATIONAL STANDARD BOOK NUMBER | |
| International Standard Book Number | 9789924505129 |
| 100 ## - MAIN ENTRY--PERSONAL NAME | |
| Personal name | Sok, Ralin |
| 9 (RLIN) | 80251 |
| 245 ## - TITLE STATEMENT | |
| Title | The baby eagle and the rat (KHMER) / |
| Statement of responsibility, etc | Ralin Sok |
| 260 ## - PUBLICATION, DISTRIBUTION, ETC. (IMPRINT) | |
| Place of publication, distribution, etc | Cambodia |
| Name of publisher, distributor, etc | PDH Bookshop |
| Date of publication, distribution, etc | 2024 |
| 300 ## - PHYSICAL DESCRIPTION | |
| Extent | 8 p. |
| Other physical details | col. ill. |
| Dimensions | 27 cm. |
| 942 ## - ADDED ENTRY ELEMENTS (KOHA) | |
| Source of classification or shelving scheme | |
| Koha item type | Book |
| Withdrawn status | Lost status | Source of classification or shelving scheme | Damaged status | Not for loan | Collection code | Home library | Current library | Date acquired | Total Checkouts | Full call number | Barcode | Date last seen | Date checked out | Price effective from | Koha item type |
|---|---|---|---|---|---|---|---|---|---|---|---|---|---|---|---|
| Siem Riep | Asian Hope Primary Library | Asian Hope Primary Library | 05/06/2025 | 10 | KHMER E SOK | 207833 | 04/02/2026 | 03/12/2026 | 05/06/2025 | Book |